000 00388 a2200157 4500
001 75038
020 _a9788573029611
040 _cAnchieta - Colégio São Paulo
100 _aBrandão, Ignácio de Loyola
240 1 0 _aCrônicas para ler na escola
_lpor
245 1 0 _aCrônicas para ler na escola
300 _a151
362 0 _a2010
650 4 _aCrônicas brasileiras
942 _cBK
999 _c75038
_d75038